000 00272nam a2200109Ia 4500
008 231219s9999 xx 000 0 und d
041 _aeng
100 _aL.Gartside
245 _aModern Business Correspondence 4th Ed
260 _bPitman Hongkong
650 _aManagement
999 _c975293
_d975293